[Event "FBL 1"]
[Site "?"]
[Date "2016.10.22"]
[Round "1.6"]
[White "Hund, Sarah"]
[Black "Roos, Karin"]
[Result "1-0"]
[WhiteElo "1895"]
[BlackElo "1811"]
[PlyCount "93"]
[EventDate "2016.10.22"]
[EventType "team-tourn"]
[EventCountry "GER"]
[WhiteTeam "Karlsruher SF"]
[BlackTeam "Muenchen FC Bayern"]
[WhiteTeamCountry "GER"]
[BlackTeamCountry "GER"]

1. e4 g6 2. d4 Bg7 3. Nc3 d6 4. g3 Nf6 5. Bg2 O-O 6. Nge2 c5 7. h3 Nc6 8. Be3
cxd4 9. Nxd4 Ne5 10. O-O Nc4 11. Bc1 Qa5 12. Qe2 Qc5 13. Nb3 Qh5 14. Qxc4 Bxh3
15. Qb5 e5 16. f3 b6 17. Be3 g5 18. Nd5 Rac8 19. c3 Kh8 20. Kf2 Be6 21. Rh1 Qg6
22. Ne7 Nxe4+ 23. Kg1 Qf6 24. Nxc8 Nxg3 25. Nxd6 Nxh1 26. Bxh1 g4 27. Nd2 g3
28. Qf1 Qh4 29. Qe2 f5 30. Nf1 f4 31. Bd2 Rf6 32. Bg2 Bf8 33. Ne4 Rh6 34. a4
Bd5 35. b4 Rc6 36. Nexg3 Qg5 37. Re1 Bg7 38. Ne4 Qg6 39. Qd3 Bg8 40. Qd7 a6 41.
Rd1 h5 42. Be1 Bc4 43. Rd6 Rxd6 44. Qxd6 Qe8 45. Nf6 Qf7 46. Qd8+ Bf8 47. Nd7
1-0

[Event "FBL 1"]
[Site "?"]
[Date "2016.10.22"]
[Round "1.1"]
[White "Obolentseva, Alexandra"]
[Black "Sieber, Fiona"]
[Result "0-1"]
[WhiteElo "2339"]
[BlackElo "2173"]
[PlyCount "84"]
[EventDate "2016.10.22"]
[EventType "team-tourn"]
[EventCountry "GER"]
[WhiteTeam "Koenigshofen Bad SC"]
[BlackTeam "Lehrte SK"]
[WhiteTeamCountry "GER"]
[BlackTeamCountry "GER"]

1. d4 Nf6 2. c4 e6 3. Nf3 b6 4. g3 Ba6 5. Qa4 Bb7 6. Bg2 c5 7. O-O cxd4 8. Nxd4
Bxg2 9. Kxg2 Be7 10. Bf4 O-O 11. Rd1 Qc8 12. Nc3 Nh5 13. Be3 f5 14. Nf3 Nc6 15.
Rac1 Qb7 16. Bd2 Ne5 17. Kg1 Nxf3+ 18. exf3 Rad8 19. f4 Nf6 20. Be3 Ng4 21. Bd4
g5 22. h3 Nh6 23. fxg5 Bxg5 24. f4 Qf3 25. fxg5 Qxg3+ 26. Kf1 Qxh3+ 27. Ke2
Qg2+ 28. Kd3 Ng4 29. Rg1 Qh3+ 30. Kc2 e5 31. Rxg4 fxg4 32. Bxe5 Rf2+ 33. Kb3
Qe3 34. Qb5 d5 35. Bf6 Qxc1 36. Nxd5 Qd1+ 37. Ka3 Rxf6 38. gxf6 Qd4 39. Qa6
Qc5+ 40. b4 Qf8 41. Qa4 a5 42. Qd1 Qxb4+ 0-1

[Event "FBL 1"]
[Site "?"]
[Date "2016.10.22"]
[Round "1.2"]
[White "Krasnodebska, Magdalena"]
[Black "Osmanodja, Filiz"]
[Result "0-1"]
[WhiteElo "2093"]
[BlackElo "2297"]
[PlyCount "120"]
[EventDate "2016.10.22"]
[EventType "team-tourn"]
[EventCountry "GER"]
[WhiteTeam "Lehrte SK"]
[BlackTeam "Koenigshofen Bad SC"]
[WhiteTeamCountry "GER"]
[BlackTeamCountry "GER"]

1. e4 e5 2. Nf3 Nc6 3. d4 exd4 4. Nxd4 Bb4+ 5. c3 Bc5 6. Be3 Bb6 7. g3 Nf6 8.
Bg2 O-O 9. O-O Re8 10. Nd2 d5 11. exd5 Nxd4 12. Bxd4 Bxd4 13. cxd4 Nxd5 14. Re1
c6 15. Qb3 Nb6 16. Rxe8+ Qxe8 17. Qe3 Be6 18. Re1 Qd7 19. Nb3 Nc4 20. Qc3 b6
21. Nd2 Nxd2 22. Bxc6 Rc8 23. d5 Qd6 24. Re2 Bxd5 25. Bxd5 Rxc3 26. Re8+ Qf8
27. Rxf8+ Kxf8 28. bxc3 Nb1 29. c4 Nc3 30. Kg2 Nxa2 31. c5 Nc3 32. cxb6 axb6
33. Bb3 Ne4 34. f3 Nc5 35. Bc4 Ke7 36. Kf2 f6 37. Ke3 Kd6 38. h4 Ne6 39. g4 h6
40. Ke4 g6 41. Ke3 Ke5 42. Bd3 Nf4 43. Bf1 Nd5+ 44. Kd3 b5 45. Kd2 b4 46. Bd3
Nf4 47. Be4 Kd4 48. Bb1 g5 49. h5 Nd5 50. Ba2 Nb6 51. Kc2 Nc4 52. Kb3 Kc5 53.
Ka4 Nd2 54. Be6 Nxf3 55. Bg8 Nd2 56. Bf7 Nf1 57. Kb3 Ne3 58. Be6 f5 59. gxf5
Kd6 60. Bc8 g4 0-1

[Event "FBL 1"]
[Site "?"]
[Date "2016.10.22"]
[Round "1.3"]
[White "Melamed, Tatjana"]
[Black "Schulze, Lara"]
[Result "1-0"]
[WhiteElo "2318"]
[BlackElo "2019"]
[PlyCount "119"]
[EventDate "2016.10.22"]
[EventType "team-tourn"]
[EventCountry "GER"]
[WhiteTeam "Koenigshofen Bad SC"]
[BlackTeam "Lehrte SK"]
[WhiteTeamCountry "GER"]
[BlackTeamCountry "GER"]

1. e4 e6 2. d4 d5 3. Nd2 c5 4. Ngf3 cxd4 5. Nxd4 Nc6 6. Bb5 Bd7 7. Nxc6 Bxc6 8.
Bxc6+ bxc6 9. c4 Qa5 10. O-O Nf6 11. Qc2 Qa6 12. b3 Be7 13. Bb2 O-O 14. Qc3
Rfd8 15. Rfe1 Ba3 16. e5 Nd7 17. Bxa3 Qxa3 18. Nf3 Qc5 19. Rac1 Rac8 20. b4
Qxc4 21. Qxc4 dxc4 22. Rxc4 Nb6 23. Rc5 Rd5 24. Rec1 Kf8 25. Kf1 Rxc5 26. Rxc5
Ke7 27. Nd4 Kd7 28. a3 Nd5 29. g3 Ne7 30. Ke2 Nf5 31. Nb3 Ne7 32. f4 Kc7 33.
Ra5 Kb6 34. Nc5 Ra8 35. Ra6+ Kc7 36. Ne4 Nf5 37. g4 Ne7 38. Nd6 Nd5 39. Kf3 f6
40. Ne4 fxe5 41. fxe5 Rf8+ 42. Kg3 Kb8 43. Rxc6 Nf4 44. Nc5 Ne2+ 45. Kh4 Rf2
46. Nxe6 Rxh2+ 47. Kg5 g6 48. Nc5 h5 49. e6 Nd4 50. Rd6 Nxe6+ 51. Rxe6 Rh3 52.
a4 h4 53. Rxg6 Rh1 54. Rh6 h3 55. Rh7 h2 56. a5 Kc8 57. Ne4 Rb1 58. Rxh2 Rxb4
59. Kf4 Ra4 60. Rh5 1-0

[Event "FBL 1"]
[Site "?"]
[Date "2016.10.22"]
[Round "1.4"]
[White "Zschischang, Marine"]
[Black "Schoene, Maria"]
[Result "0-1"]
[WhiteElo "2054"]
[BlackElo "2273"]
[PlyCount "80"]
[EventDate "2016.10.22"]
[EventType "team-tourn"]
[EventCountry "GER"]
[WhiteTeam "Lehrte SK"]
[BlackTeam "Koenigshofen Bad SC"]
[WhiteTeamCountry "GER"]
[BlackTeamCountry "GER"]

1. d4 Nf6 2. Nf3 g6 3. Nc3 Bg7 4. e4 d6 5. Be3 b6 6. Qd2 Bb7 7. Bd3 Ng4 8. Bg5
h6 9. Bh4 Qd7 10. h3 Nf6 11. O-O-O O-O 12. g4 Nh7 13. a3 c5 14. Qe3 Rc8 15. Bb5
Bc6 16. Be2 Qb7 17. d5 Be8 18. e5 b5 19. exd6 b4 20. axb4 cxb4 21. Nb1 exd6 22.
Qe7 Nd7 23. Qxd6 Nc5 24. Nfd2 Ba4 25. Nc4 g5 26. Bg3 Ne4 27. Rd2 Nxd6 28. Nxd6
Qd7 29. Nxc8 Rxc8 30. Bd3 Rc5 31. Be4 Qd8 32. d6 Qf6 33. b3 Qb2+ 34. Kd1 Qxb1+
35. Ke2 Bb5+ 36. Ke3 Rc3+ 37. Rd3 Rxd3+ 38. cxd3 Qb2 39. Re1 Nf8 40. Kf3 Qxb3
0-1

[Event "FBL 1"]
[Site "?"]
[Date "2016.10.22"]
[Round "1.5"]
[White "Belenkaya, Dina"]
[Black "Schulze, Dorothee"]
[Result "1-0"]
[WhiteElo "2292"]
[BlackElo "2000"]
[PlyCount "109"]
[EventDate "2016.10.22"]
[EventType "team-tourn"]
[EventCountry "GER"]
[WhiteTeam "Koenigshofen Bad SC"]
[BlackTeam "Lehrte SK"]
[WhiteTeamCountry "GER"]
[BlackTeamCountry "GER"]

1. e4 c5 2. Nf3 Nc6 3. Bb5 g6 4. O-O Bg7 5. Re1 a6 6. Bxc6 bxc6 7. c3 Nf6 8. d4
cxd4 9. cxd4 O-O 10. Nc3 Rb8 11. Qe2 Qb6 12. b3 d6 13. Ba3 Qa5 14. Na4 Rd8 15.
Nd2 Bb7 16. Nc4 Qh5 17. e5 Qxe2 18. Rxe2 Ne8 19. Rc1 Ba8 20. Kf1 Bf8 21. Na5
Rdc8 22. Rec2 Bh6 23. Re1 Rb5 24. Nc4 Rd8 25. exd6 Nxd6 26. Nxd6 exd6 27. Bxd6
Bb7 28. Be5 Bg5 29. Nc5 Bc8 30. Bc7 Rf8 31. Rc4 Bf5 32. a4 Rc8 33. axb5 axb5
34. Rc3 Rxc7 35. Re8+ Kg7 36. Ne4 Bf4 37. g3 Bh6 38. Nd6 Bh3+ 39. Ke2 Ra7 40.
Rb8 Bg2 41. f4 f5 42. Rb7+ Rxb7 43. Nxb7 g5 44. Nd8 gxf4 45. gxf4 Kf6 46. Ke3
Bf8 47. Nxc6 Bd5 48. Ne5 Bd6 49. Nd7+ Kg6 50. Rc8 Bb7 51. Rg8+ Kf7 52. Rg5 Be4
53. Nc5 Bc2 54. b4 Be7 55. Rg1 1-0

[Event "FBL 1"]
[Site "?"]
[Date "2016.10.22"]
[Round "1.6"]
[White "Markgraf, Claudia"]
[Black "Frey, Alisa"]
[Result "0-1"]
[WhiteElo "1954"]
[BlackElo "2034"]
[PlyCount "64"]
[EventDate "2016.10.22"]
[EventType "team-tourn"]
[EventCountry "GER"]
[WhiteTeam "Lehrte SK"]
[BlackTeam "Koenigshofen Bad SC"]
[WhiteTeamCountry "GER"]
[BlackTeamCountry "GER"]

1. e4 e5 2. Bc4 Nf6 3. d3 Nc6 4. c3 Be7 5. f4 O-O 6. Nf3 exf4 7. Bxf4 d5 8.
exd5 Nxd5 9. Bxd5 Qxd5 10. O-O Bc5+ 11. d4 Bb6 12. Qb3 Qe4 13. Ng5 Qg6 14. Nd2
h6 15. Nge4 Be6 16. Qb5 Rad8 17. Rf3 Rxd4 18. cxd4 Nxd4 19. Kh1 Nxb5 20. Rg3
Bg4 21. Rf1 Re8 22. h3 f5 23. Nf2 Bxf2 24. Rxf2 Nd4 25. hxg4 Ne2 26. Rb3 fxg4
27. g3 Nxf4 28. gxf4 g3 29. Rg2 Qh5+ 30. Kg1 Re1+ 31. Nf1 Rxf1+ 32. Kxf1 Qd1#
0-1

[Event "FBL 1"]
[Site "?"]
[Date "2016.10.22"]
[Round "1.1"]
[White "Atalik, Ekaterina"]
[Black "Endress, Anna"]
[Result "1-0"]
[WhiteElo "2426"]
[BlackElo "2122"]
[PlyCount "87"]
[EventDate "2016.10.22"]
[EventType "team-tourn"]
[EventCountry "GER"]
[WhiteTeam "Schwaebisch Hall SK"]
[BlackTeam "Norderstedt TuRa Harksheide"]
[WhiteTeamCountry "GER"]
[BlackTeamCountry "GER"]

1. d4 d5 2. c4 c6 3. Nf3 Nf6 4. Nc3 e6 5. e3 Nbd7 6. Qc2 Bd6 7. b3 O-O 8. Bb2
Qe7 9. h3 e5 10. Be2 e4 11. Nd2 Re8 12. O-O-O Nf8 13. g4 Be6 14. f4 exf3 15.
Bxf3 Rac8 16. Kb1 Bb4 17. Rhe1 Red8 18. e4 dxe4 19. Ndxe4 b5 20. Nxf6+ Qxf6 21.
Rf1 bxc4 22. Ne4 Qe7 23. bxc4 Ba3 24. Bxa3 Qxa3 25. Ka1 Qb4 26. Be2 Nd7 27. Rb1
Qe7 28. Rb7 a5 29. Bf3 Qh4 30. Bg2 Nf6 31. Nxf6+ gxf6 32. Qc3 Qg5 33. Ra7 Ra8
34. Rxa8 Rxa8 35. Bxc6 Rc8 36. d5 Rc7 37. Qxf6 Qxf6+ 38. Rxf6 Kg7 39. Rf3 Bc8
40. Kb2 Ba6 41. Kc3 Kf8 42. Kd4 Bb7 43. Bxb7 Rxb7 44. Rb3 1-0

[Event "FBL 1"]
[Site "?"]
[Date "2016.10.22"]
[Round "1.2"]
[White "Sherif, Amina"]
[Black "Daulyte, Deimante"]
[Result "0-1"]
[WhiteElo "2080"]
[BlackElo "2412"]
[PlyCount "72"]
[EventDate "2016.10.22"]
[EventType "team-tourn"]
[EventCountry "GER"]
[WhiteTeam "Norderstedt TuRa Harksheide"]
[BlackTeam "Schwaebisch Hall SK"]
[WhiteTeamCountry "GER"]
[BlackTeamCountry "GER"]

1. d4 Nf6 2. Nf3 g6 3. Bf4 Bg7 4. e3 O-O 5. Be2 d6 6. h3 c5 7. c3 b6 8. O-O Bb7
9. a4 a6 10. Nbd2 Nbd7 11. Rb1 cxd4 12. exd4 Nd5 13. Bh2 Bh6 14. Re1 N7f6 15.
Qb3 Nf4 16. Bf1 Rb8 17. g4 Qd7 18. Bg3 Ne6 19. Bg2 Nd5 20. Ne4 Ndf4 21. Bf1 b5
22. axb5 axb5 23. Rbd1 Bd5 24. Qc2 f5 25. gxf5 gxf5 26. Ned2 Qe8 27. b3 Qh5 28.
Nh4 Bg5 29. c4 Nxd4 30. Qb2 Nde2+ 31. Kh2 bxc4 32. Bxe2 Nxe2 33. Nf1 Nxg3 34.
Nxg3 Qxh4 35. Rxd5 Rxb3 36. Qe2 Kh8 0-1

[Event "FBL 1"]
[Site "?"]
[Date "2016.10.22"]
[Round "1.3"]
[White "Milliet, Sophie"]
[Black "Waechter, Nathalie"]
[Result "1-0"]
[WhiteElo "2354"]
[BlackElo "1993"]
[PlyCount "57"]
[EventDate "2016.10.22"]
[EventType "team-tourn"]
[EventCountry "GER"]
[WhiteTeam "Schwaebisch Hall SK"]
[BlackTeam "Norderstedt TuRa Harksheide"]
[WhiteTeamCountry "GER"]
[BlackTeamCountry "GER"]

1. e4 e6 2. d4 d5 3. Nc3 Nf6 4. e5 Nfd7 5. f4 c5 6. Nf3 a6 7. Be3 Nc6 8. Qd2 b5
9. dxc5 Bxc5 10. Bd3 Qb6 11. Bf2 Nb4 12. O-O Bxf2+ 13. Rxf2 Nxd3 14. cxd3 Bb7
15. d4 b4 16. Nd1 Rc8 17. Ne3 f6 18. f5 fxe5 19. dxe5 O-O 20. Rd1 Nc5 21. Qd4
Qa5 22. Qg4 Ne4 23. f6 Rf7 24. Qxe6 Nxf2 25. Ng5 Qc7 26. Nf5 gxf6 27. Nxf7 Rf8
28. N5h6+ Kg7 29. Qxf6# 1-0

[Event "FBL 1"]
[Site "?"]
[Date "2016.10.22"]
[Round "1.4"]
[White "Polert, Annika"]
[Black "Rapport, Jovana"]
[Result "0-1"]
[WhiteElo "1894"]
[BlackElo "2318"]
[PlyCount "86"]
[EventDate "2016.10.22"]
[EventType "team-tourn"]
[EventCountry "GER"]
[WhiteTeam "Norderstedt TuRa Harksheide"]
[BlackTeam "Schwaebisch Hall SK"]
[WhiteTeamCountry "GER"]
[BlackTeamCountry "GER"]

1. e4 e6 2. d3 d5 3. Qe2 Nf6 4. Nf3 Be7 5. g3 b6 6. Bg2 dxe4 7. dxe4 Ba6 8. c4
Nc6 9. O-O Bb7 10. Rd1 Qc8 11. Nc3 O-O 12. Bf4 Nd7 13. e5 Rd8 14. Bh3 Nf8 15.
Nd5 Qb8 16. Nxe7+ Nxe7 17. Bg5 Rxd1+ 18. Rxd1 Qe8 19. Nd4 Neg6 20. b3 c5 21.
Nf3 h6 22. Bc1 Bxf3 23. Qxf3 Nxe5 24. Qe4 Rd8 25. Rxd8 Qxd8 26. Bxh6 Qd1+ 27.
Kg2 Nd3 28. Bg4 Qb1 29. Bd2 Qh1+ 30. Kxh1 Nxf2+ 31. Kg2 Nxe4 32. Bf4 g5 33. Bc7
Nd7 34. Bf3 Nef6 35. a3 Kf8 36. Bd6+ Ke8 37. b4 Kd8 38. bxc5 bxc5 39. Bc6 Ne8
40. Bxd7 Nxd6 41. Bb5 g4 42. a4 Kc7 43. Kf2 Kb6 0-1

[Event "FBL 1"]
[Site "?"]
[Date "2016.10.22"]
[Round "1.5"]
[White "Ambartsumova, Karina"]
[Black "Rosmait, Emily"]
[Result "1-0"]
[WhiteElo "2280"]
[BlackElo "1920"]
[PlyCount "81"]
[EventDate "2016.10.22"]
[EventType "team-tourn"]
[EventCountry "GER"]
[WhiteTeam "Schwaebisch Hall SK"]
[BlackTeam "Norderstedt TuRa Harksheide"]
[WhiteTeamCountry "GER"]
[BlackTeamCountry "GER"]

1. e4 e5 2. Nf3 Nc6 3. Bb5 Nf6 4. d3 d6 5. O-O g6 6. c3 Bg7 7. d4 exd4 8. cxd4
O-O 9. Nc3 Bd7 10. Re1 a6 11. Bf1 Bg4 12. Be3 Re8 13. h3 Bxf3 14. Qxf3 Qd7 15.
Rad1 h6 16. d5 Ne5 17. Qe2 g5 18. g3 b5 19. Bg2 Nc4 20. Bd4 Kh8 21. b3 Ne5 22.
Qb2 g4 23. hxg4 Qxg4 24. Re3 Qh5 25. f3 Rg8 26. Ne2 Rae8 27. Nf4 Qg5 28. Qf2
Bf8 29. Ne2 Qg6 30. Bh3 h5 31. Bf5 Qh6 32. Kg2 Be7 33. Rh1 Kg7 34. f4 Ng6 35.
Qf3 Kf8 36. Kf2 h4 37. g4 Qh7 38. g5 Nh5 39. Qg4 f6 40. Rxh4 Rh8 41. Reh3 1-0

[Event "FBL 1"]
[Site "?"]
[Date "2016.10.22"]
[Round "1.6"]
[White "Koehler, Inken"]
[Black "Muetsch, Annmarie"]
[Result "0-1"]
[WhiteElo "2008"]
[BlackElo "1966"]
[PlyCount "82"]
[EventDate "2016.10.22"]
[EventType "team-tourn"]
[EventCountry "GER"]
[WhiteTeam "Norderstedt TuRa Harksheide"]
[BlackTeam "Schwaebisch Hall SK"]
[WhiteTeamCountry "GER"]
[BlackTeamCountry "GER"]

1. e4 c5 2. Nf3 Nc6 3. Bb5 g6 4. O-O Bg7 5. c3 Nf6 6. Re1 O-O 7. Na3 Ne8 8. Bf1
Nc7 9. Nc2 d5 10. exd5 Nxd5 11. d4 cxd4 12. Nfxd4 Nxd4 13. Nxd4 Re8 14. Bg5 Qb6
15. Qa4 Rf8 16. Nb3 Be6 17. Bc4 Rfe8 18. Bxd5 Bxd5 19. Bxe7 Bc6 20. Qf4 a5 21.
Bc5 Qb5 22. c4 Qa6 23. Ba3 a4 24. Nc5 Qa5 25. Nd3 Rad8 26. Bb4 Qb6 27. Bc5 Qa5
28. Bb4 Qb6 29. Bc5 Qa5 30. Rxe8+ Rxe8 31. Bb4 Qd8 32. Qd6 Qxd6 33. Bxd6 Rd8
34. c5 a3 35. Re1 axb2 36. f3 Ba4 37. Nb4 Bc3 38. Rb1 Re8 39. Nd5 Re1+ 40. Kf2
Rxb1 41. Nxc3 Rc1 0-1

[Event "FBL 1"]
[Site "?"]
[Date "2016.10.23"]
[Round "2.1"]
[White "Schmidt, Jessica"]
[Black "Hapala, Lisa"]
[Result "1/2-1/2"]
[WhiteElo "2285"]
[BlackElo "2095"]
[PlyCount "70"]
[EventDate "2016.10.22"]
[EventType "team-tourn"]
[EventCountry "GER"]
[WhiteTeam "Karlsruher SF"]
[BlackTeam "Augsburg SG"]
[WhiteTeamCountry "GER"]
[BlackTeamCountry "GER"]

1. d4 Nf6 2. Nf3 g6 3. Bf4 Bg7 4. e3 O-O 5. h3 d6 6. Be2 c5 7. c3 b6 8. Nbd2
Bb7 9. O-O Nbd7 10. Rc1 Qe8 11. Bh2 Qc8 12. Re1 d5 13. c4 dxc4 14. Bxc4 Qd8 15.
Qb3 cxd4 16. exd4 e6 17. a4 Rc8 18. Rcd1 Bd5 19. Qd3 Nb8 20. b3 Nc6 21. Bf4 Nb4
22. Qb1 Qe7 23. Ne5 Rfd8 24. Ndf3 Qb7 25. Bd2 Nc6 26. Nxc6 Qxc6 27. Bxd5 Nxd5
28. Rc1 Qb7 29. Bg5 Rxc1 30. Rxc1 Rc8 31. Rxc8+ Qxc8 32. Qd3 Qc3 33. Qb5 Qc8
34. Qd3 Qc7 35. Qb5 Qc8 1/2-1/2

[Event "FBL 1"]
[Site "?"]
[Date "2016.10.23"]
[Round "2.2"]
[White "Horvath, Maria"]
[Black "Mader, Manuela"]
[Result "0-1"]
[WhiteElo "1978"]
[BlackElo "2172"]
[PlyCount "110"]
[EventDate "2016.10.22"]
[EventType "team-tourn"]
[EventCountry "GER"]
[WhiteTeam "Augsburg SG"]
[BlackTeam "Karlsruher SF"]
[WhiteTeamCountry "GER"]
[BlackTeamCountry "GER"]

1. d4 d5 2. c4 c6 3. Nf3 Nf6 4. Nc3 dxc4 5. e3 Bf5 6. Bxc4 e6 7. O-O Be7 8. Qe2
O-O 9. Rd1 Qc7 10. e4 Bg6 11. Bg5 Rd8 12. Rac1 a6 13. e5 Ne8 14. Ne4 h6 15.
Bxe7 Qxe7 16. Nc5 Ra7 17. Rc3 Nd7 18. b4 Nb6 19. Bd3 Nd5 20. Rb3 b6 21. Bxg6
bxc5 22. Bb1 cxb4 23. Qc2 g6 24. Qxc6 a5 25. Qc1 Kg7 26. Bd3 Nec7 27. h4 h5 28.
Qd2 Nc3 29. Re1 N7d5 30. Ng5 Rc7 31. g3 Nb6 32. Nf3 Nc4 33. Bxc4 Rxc4 34. a3
Nb5 35. axb4 Nxd4 36. Nxd4 Rcxd4 37. Qb2 axb4 38. Rb1 Qb7 39. Qe2 Rd2 40. Qf3
Qxf3 41. Rxf3 Rd1+ 42. Rxd1 Rxd1+ 43. Kg2 Rd5 44. Rb3 Rb5 45. Kf3 Kf8 46. Ke4
Ke7 47. f4 Kd7 48. Kd4 Kc6 49. Rb1 b3 50. Rc1+ Kb6 51. Rb1 b2 52. Kc4 Kc6 53.
Kd4 Rb4+ 54. Kc3 Kc5 55. Kc2 Kc4 0-1

[Event "FBL 1"]
[Site "?"]
[Date "2016.10.23"]
[Round "2.3"]
[White "Kiefhaber, Veronika"]
[Black "Woniak, Katarzyna"]
[Result "1/2-1/2"]
[WhiteElo "2192"]
[BlackElo "1940"]
[PlyCount "32"]
[EventDate "2016.10.22"]
[EventType "team-tourn"]
[EventCountry "GER"]
[WhiteTeam "Karlsruher SF"]
[BlackTeam "Augsburg SG"]
[WhiteTeamCountry "GER"]
[BlackTeamCountry "GER"]

1. e4 g6 2. d4 Bg7 3. Nf3 d6 4. h3 Nf6 5. Nc3 O-O 6. Be3 c6 7. a4 Qc7 8. a5
Nbd7 9. Be2 Re8 10. O-O e5 11. dxe5 dxe5 12. Bc4 Nf8 13. Qc1 Be6 14. Nd2 Nh5
15. Rd1 Nf4 16. Bf1 Qe7 1/2-1/2

[Event "FBL 1"]
[Site "?"]
[Date "2016.10.23"]
[Round "2.4"]
[White "Amelang, Astrid"]
[Black "Wiesner, Paula"]
[Result "1/2-1/2"]
[WhiteElo "2112"]
[BlackElo "2116"]
[PlyCount "47"]
[EventDate "2016.10.22"]
[EventType "team-tourn"]
[EventCountry "GER"]
[WhiteTeam "Augsburg SG"]
[BlackTeam "Karlsruher SF"]
[WhiteTeamCountry "GER"]
[BlackTeamCountry "GER"]

1. f4 d5 2. Nf3 Nf6 3. e3 e6 4. b3 Bd6 5. Bb2 O-O 6. Be2 c5 7. O-O Nc6 8. d4
cxd4 9. Nxd4 Ne4 10. Nd2 Bc5 11. Bd3 Nxd2 12. Qxd2 Qb6 13. c3 e5 14. fxe5 Nxe5
15. Rae1 Nxd3 16. Qxd3 Bd7 17. Rf2 Rae8 18. b4 Bxd4 19. Qxd4 Qxd4 20. cxd4 Re4
21. Rc2 Bb5 22. Rc7 Rb8 23. Kf2 a6 24. Rc2 1/2-1/2

[Event "FBL 1"]
[Site "?"]
[Date "2016.10.23"]
[Round "2.5"]
[White "Brendel, Bergit"]
[Black "Braun, Kristin"]
[Result "1/2-1/2"]
[WhiteElo "2089"]
[BlackElo "1837"]
[PlyCount "86"]
[EventDate "2016.10.22"]
[EventType "team-tourn"]
[EventCountry "GER"]
[WhiteTeam "Karlsruher SF"]
[BlackTeam "Augsburg SG"]
[WhiteTeamCountry "GER"]
[BlackTeamCountry "GER"]

1. e4 c5 2. Nf3 d6 3. d4 cxd4 4. Nxd4 Nf6 5. Nc3 g6 6. Be3 Bg7 7. f3 a6 8. Qd2
b5 9. O-O-O Bb7 10. Bh6 Bxh6 11. Qxh6 Nbd7 12. g4 Ne5 13. g5 Nh5 14. Nf5 b4 15.
Ng7+ Nxg7 16. Qxg7 Rf8 17. Nd5 Nxf3 18. h4 Bxd5 19. exd5 Qb6 20. Kb1 Qf2 21. h5
Nxg5 22. hxg6 fxg6 23. Bd3 Qf6 24. Qh6 Rf7 25. Rdf1 Qe5 26. Re1 Qxd5 27. Ka1 a5
28. Rhg1 Nf3 29. Be4 Qc5 30. Bxa8 Nxg1 31. Qh1 Qxc2 32. Rxg1 Rf2 33. Rb1 Rh2
34. Qd5 Rd2 35. Qb5+ Kf8 36. Bf3 Qd3 37. Qc6 Qc2 38. Qa8+ Kg7 39. Qxa5 Qc5 40.
Qd8 Qe5 41. Qb6 Qf4 42. Qc6 Qe5 43. Qa4 Qf4 1/2-1/2

[Event "FBL 1"]
[Site "?"]
[Date "2016.10.23"]
[Round "2.6"]
[White "Muench, Ursula"]
[Black "Hund, Sarah"]
[Result "0-1"]
[WhiteElo "1808"]
[BlackElo "1895"]
[PlyCount "108"]
[EventDate "2016.10.22"]
[EventType "team-tourn"]
[EventCountry "GER"]
[WhiteTeam "Augsburg SG"]
[BlackTeam "Karlsruher SF"]
[WhiteTeamCountry "GER"]
[BlackTeamCountry "GER"]

1. Nf3 d5 2. g3 Nf6 3. Bg2 Bf5 4. d3 h6 5. c4 e6 6. Qb3 Nbd7 7. cxd5 exd5 8.
Nc3 Nc5 9. Qc2 c6 10. Nd4 Bg6 11. O-O Bd6 12. Bd2 O-O 13. b4 Ncd7 14. Na4 Qe7
15. a3 Rfe8 16. Rae1 Ne5 17. e4 dxe4 18. dxe4 Rad8 19. Nf5 Bxf5 20. exf5 Qc7
21. f4 Ned7 22. Rxe8+ Rxe8 23. Re1 Qd8 24. Rxe8+ Qxe8 25. Bc3 Qe3+ 26. Kf1 b5
27. Nb2 c5 28. Qd2 Qe7 29. Qe2 Nb6 30. Qxe7 Bxe7 31. Nd3 cxb4 32. Nxb4 Nc4 33.
Bd4 Ng4 34. h3 Nge3+ 35. Kf2 Nxf5 36. Bxa7 Nxa3 37. Nd5 Bd6 38. Be4 Ne7 39. Bd4
Kf8 40. Nxe7 Bxe7 41. Ke3 f6 42. Kd2 Bb4+ 43. Kc1 Ke7 44. Kb2 Nc4+ 45. Kc2 Kd6
46. g4 Bd2 47. f5 Bb4 48. Kd3 Bc5 49. Kc3 Bxd4+ 50. Kxd4 Ne5 51. Bd5 Nc6+ 52.
Ke4 Kc5 53. h4 b4 54. Bf7 Ne5 0-1

[Event "FBL 1"]
[Site "?"]
[Date "2016.10.23"]
[Round "2.1"]
[White "Zatonskih, Anna"]
[Black "Dirmeier, Carolin"]
[Result "1-0"]
[WhiteElo "2449"]
[BlackElo "2014"]
[PlyCount "61"]
[EventDate "2016.10.22"]
[EventType "team-tourn"]
[EventCountry "GER"]
[WhiteTeam "Baden Baden OSG"]
[BlackTeam "Muenchen FC Bayern"]
[WhiteTeamCountry "GER"]
[BlackTeamCountry "GER"]

1. e4 c5 2. Nf3 Nc6 3. c3 g6 4. d4 cxd4 5. cxd4 d5 6. exd5 Qxd5 7. Nc3 Qa5 8.
d5 Nb8 9. Bc4 Bg7 10. O-O Nf6 11. Qe2 O-O 12. Qxe7 Re8 13. Qd6 Nbd7 14. Bd2 Nb6
15. Bb3 Bf5 16. Rfe1 Red8 17. Qe7 Rd7 18. Qe2 Qc5 19. Rac1 Qf8 20. Ne5 Rdd8 21.
d6 Rxd6 22. Nxf7 Rd4 23. Nb5 Rh4 24. Nc7 Rc8 25. Nd6+ Kh8 26. Nxc8 Nxc8 27. Ne6
Bxe6 28. Qxe6 Nd6 29. Bg5 Rh5 30. Bf4 Nfe4 31. Rxe4 1-0

[Event "FBL 1"]
[Site "?"]
[Date "2016.10.23"]
[Round "2.2"]
[White "Vidonyak, Nellya"]
[Black "Kachiani Gersinska, Ketino"]
[Result "1/2-1/2"]
[WhiteElo "2123"]
[BlackElo "2334"]
[PlyCount "167"]
[EventDate "2016.10.22"]
[EventType "team-tourn"]
[EventCountry "GER"]
[WhiteTeam "Muenchen FC Bayern"]
[BlackTeam "Baden Baden OSG"]
[WhiteTeamCountry "GER"]
[BlackTeamCountry "GER"]

1. b3 e5 2. Bb2 Nc6 3. c4 g6 4. g3 Bg7 5. Bg2 d6 6. Nc3 f5 7. Nd5 Nd4 8. e3 Ne6
9. Ne2 c6 10. Ndc3 Nf6 11. O-O O-O 12. Qc2 f4 13. exf4 exf4 14. d4 Nh5 15. d5
Ng5 16. Nxf4 Nxf4 17. gxf4 Nh3+ 18. Bxh3 Bxh3 19. dxc6 bxc6 20. Rfd1 Qh4 21. f3
Qxf4 22. Rd3 Bf5 23. Ne4 Bxb2 24. Qxb2 d5 25. cxd5 cxd5 26. Nf6+ Kf7 27. Rxd5
Qe3+ 28. Kg2 Rac8 29. Rd2 Rfd8 30. Rad1 Qg5+ 31. Ng4 Bxg4 32. fxg4 Qxg4+ 33.
Kh1 Qf3+ 34. Kg1 Qxd1+ 35. Rxd1 Rxd1+ 36. Kg2 Rd7 37. b4 Rcd8 38. Qb3+ Kf6 39.
Qc3+ Kf5 40. Qc5+ Ke4 41. Qc6+ Rd5 42. a4 Kf5 43. Qc2+ Rd3 44. Qc5+ R8d5 45.
Qf2+ Kg5 46. Qxa7 Rd2+ 47. Kf3 Rf5+ 48. Ke4 Rf4+ 49. Ke3 Rxh2 50. Qe7+ Kg4 51.
Qe6+ Rf5 52. b5 Rh3+ 53. Kd4 Ra3 54. Qe2+ Kh3 55. a5 Ra4+ 56. Kd3 Rxb5 57. Qf1+
Kh4 58. Qe1+ Kg5 59. Qc1+ Rf4 60. Qg1+ Kf5 61. a6 Ra5 62. a7 Rfa4 63. Qf2+ Ke5
64. Qh2+ Kd5 65. Qh1+ Kc5 66. Qxh7 Ra3+ 67. Ke4 Rxa7 68. Qg8 R7a4+ 69. Ke5 Re3+
70. Kf6 Rf4+ 71. Kg5 Rf5+ 72. Kg4 Re4+ 73. Kg3 Rf6 74. Qc8+ Rc6 75. Qf8+ Kb5
76. Qg7 Rb4 77. Qe5+ Ka6 78. Qe2+ Rbc4 79. Qa2+ Kb5 80. Qb2+ Ka5 81. Qa2+ Ra4
82. Qd5+ Kb6 83. Qb3+ Ka5 84. Qd5+ 1/2-1/2

[Event "FBL 1"]
[Site "?"]
[Date "2016.10.23"]
[Round "2.3"]
[White "Kovalevskaya, Ekaterina"]
[Black "Ankerst, Milka"]
[Result "1/2-1/2"]
[WhiteElo "2437"]
[BlackElo "2052"]
[PlyCount "60"]
[EventDate "2016.10.22"]
[EventType "team-tourn"]
[EventCountry "GER"]
[WhiteTeam "Baden Baden OSG"]
[BlackTeam "Muenchen FC Bayern"]
[WhiteTeamCountry "GER"]
[BlackTeamCountry "GER"]

1. Nf3 Nf6 2. g3 d5 3. Bg2 c5 4. c4 e6 5. O-O Be7 6. cxd5 exd5 7. d4 Nc6 8.
dxc5 Bxc5 9. a3 a5 10. Nc3 h6 11. Bf4 Be6 12. Rc1 Ba7 13. Nb5 Bb8 14. Be3 O-O
15. Nfd4 Ne5 16. Bf4 Qd7 17. Nxe6 fxe6 18. a4 Nc6 19. Bxb8 Raxb8 20. e4 Rfd8
21. e5 Nxe5 22. Rc7 Qe8 23. Qd4 Nc6 24. Qb6 Rd7 25. Re1 Kf8 26. Qc5+ Qe7 27.
Qb6 Qd8 28. Qc5+ Qe7 29. Qb6 Qe8 30. Qc5+ Qe7 1/2-1/2